Statistics for 80's Cartoons Based on Boy Toys

Click here to take the quiz!

General Stats

  • This quiz has been taken 791 times
  • The average score is 6 of 10

Answer Stats

HintAnswer% Correct
Transformable space robots fight for supremacyThe Transformers
99%
The most powerful man in the universe, once a wimpy prince, goes against the evil forces of a skull-faced manHe-Man and the Masters of the Universe
89%
An elite military unit comprised of special operatives takes on an evil organization led by a notorious arms dealer.G.I. Joe: A Real American Hero
85%
Follow the real ghost-catching adventures of a group of parapsychologistsThe Real Ghostbusters
79%
Cat-like humanoids fight against an undead sorcererThunderCats
76%
Five robot lions transform into one super robotVoltron
45%
A cheap knock-off of the original transformable robotsChallenge of the GoBots
40%
An underground task force fights against a criminal organizationM.A.S.K.
25%
Set in the prehistoric era, a super human race befriends dinosaurs to fight futuristic evil humanoid creatures with animal heads who brainwash dinosaursDino-Riders
13%
A bionic policeman recruits heroes who are "partly metal, partly real" to fight an evil alien who transforms into an enormous armor-plated creatureSilverHawks
8%

Score Distribution

Percentile by Number Answered

Percent of People with Each Score

Your Score History

You have not taken this quiz